| 000 | 01634cam a2200409 a 4500 | ||
|---|---|---|---|
| 001 | 7479 | ||
| 005 | 20240112132043.0 | ||
| 008 | 200205s2017 xo a b 000 j slo | ||
| 020 |
_a9788056402771 _q(viaz.) |
||
| 040 |
_aPPPK _bslo _cPPPK _dSNK _eAACR2 |
||
| 041 | 1 |
_aslo _hger |
|
| 044 |
_axo _cSK |
||
| 072 | 7 |
_a821.112.2-3 _xNemecká próza, nemecky písaná _2konspekt |
|
| 072 | 7 |
_a821-93 _xLiteratúra pre deti a mládež (beletria) _2konspekt |
|
| 080 |
_a821.112.2(436)-32 _22011 |
||
| 080 |
_a(0:82-322.4) _22011 |
||
| 080 |
_a82-93-053.2 _22011 |
||
| 100 | 1 |
_aBrezina, Thomas, _d1963- |
|
| 240 | 1 | 0 |
_aEin Mini Fall für dich und das Tiger-Team: Die Insel des T-Rex _lSlovensky |
| 245 | 1 | 0 |
_aPrípad pre teba a mini Tigrí tím _pTyranosaurov ostrov _cThomas C. Brezina ; ilustrovala Naomi Fearnová ; [z nemeckého originálu preložila Katarína Šmidtová] |
| 246 | 1 |
_iV tir. názov: _aMini Tigrí tím - Tyranosaurov ostrov |
|
| 246 | 3 | 0 | _aTyranosaurov ostrov |
| 250 | _a1. vyd. | ||
| 260 |
_aBratislava _bFragment _bAlbatros Media Slovakia _c2017 |
||
| 300 |
_a98 s. _bilustr. _c20 cm _e1 plast. lupa |
||
| 490 | 1 | _aTigrí tím | |
| 500 | _aVydalo vydavateľstvo Fragment v spoločnosti Albatros Media Slovakia | ||
| 655 | 7 |
_arakúske príbehy _2SNKPH |
|
| 655 | 7 |
_adetektívne príbehy _2SNKPH |
|
| 655 | 7 |
_apublikácie pre deti _2SNKPH |
|
| 655 | 7 |
_aAustrian stories _2SNKPHeng |
|
| 655 | 7 |
_aDetective stories _2SNKPHeng |
|
| 655 | 7 |
_aChildren's literature _2SNKPHeng |
|
| 700 | 1 |
_aFearn, Naomi, _d1976- _4ill |
|
| 700 | 1 |
_aŠmidtová, Katarína _4trl |
|
| 999 |
_c7479 _d7479 |
||